1343 1137 1542 1864 1784 1053 1321 1701 1021 1406 1475 1461 1884 1485 1818 1509 1613 1170 1898 1440 1252 1783 1546 1261 1726 1414 1817 1360 1758 1570 1417 1737 1726 1186 1942 1304 1120 1768 1570 1233 1697 1496 1522 1213 1702 1856 1863 1149 1499 1211 1963 1635 1602 1750 1430 1468 1631 1640 1820 1433 1637 1641 1880 1087 1126 1820 1814 1171 1856 1588 1905 1413 1019 1688 1907 1361 1408 1043 1792 1668 1431 1006 1942 1661 1098 1084 1305 1538 1551 1164 1346 1001 1528 1042 1177 1236 1197 1853 1420 BCNSPRNW ULIB Ver.6.0+V

เปลี่ยนเป็นภาษาไทย

Change to English
 แสดงรายละเอียดบรรณานุกรม
  กลับหน้าหลัก

Brief Record : Get Marc (ISO 2709) : E-mail record : QR code < ปิดหน้าต่าง
LEADER : 00000nam 2200000uu 4500
001    13399113224
003     ULIB
008    111003s2549||||th 000 0 tha d
020    9741333145
050  4 QC21.2^bจ683ฟ 2549
100 0  คณาจารย์ภาควิชาฟิสิกส์ คณะวิทยาศาสตร์ จุฬาลงกรณ์มหาวิทยาลัย
245 00 ฟิสิกส์ 2 /^cเขียนโดย คณาจารย์ภาควิชาฟิสิกส์ คณะวิทยาศาสตร์ จุฬาลงกรณ์มหาวิทยาลัย
250    พิมพ์ครั้งที่ 10
260    กรุงเทพฯ :^bสำนักพิมพ์แห่งจุฬาลงกรณ์มหาวิทยาลัย,^c2549
650  0 ฟิสิกส์^x
945    ^p180^l0^i021096
945    ^p180^l0^i021097
945    ^p180^l0^i021098
995    ทศพร
999 ^a ทศพร
รายการนี้ยังไม่มีแท็ก
คุณยังไม่ได้ล็อกอิน คุณสามารถมีกิจกรรมร่วมกับเว็บไซต์ได้ แต่ต้องล็อกอินก่อน ::
  ล็อกอิน

รายการสื่อสารสนเทศ

ลำดับที่ ประเภท เลขเรียก/บาร์โค้ด สถานที่ สถานะ
- ไม่พบข้อมูล -

รายการใกล้เคียง
    ผู้แต่ง [คณาจารย์ภาควิชาฟิสิกส์ คณะวิทยาศาสตร์ จุฬาลงกรณ์มหาวิทยาลัย]

    หัวเรื่อง [ฟิสิกส์]

BibComment


ยังไม่เคยถูกคอมเมนท์

คอมเมนท์ทรัพยากรรายการนี้
  คอมเมนท์: ฟิสิกส์ 2 เขียนโ..


 Copyright 2026. Bcnsprnw @Library